[Event "4NCL/Div2/WES1 vs. PPA1"]
[Site "Sunningdale ENG"]
[Date "2008.05.05"]
[Round "11.6"]
[White "Byway, Paul"]
[Black "White, Graham A"]
[Result "1-0"]
[WhiteElo "2152"]
[BlackElo "2135"]
[PlyCount "71"]
[EventDate "2008.05.05"]
[EventCountry "ENG"]
[SourceDate "2007.09.15"]

1. c4 c6 2. Nf3 d5 3. e3 Nf6 4. Nc3 e6 5. b3 Bd6 6. Bb2 O-O 7. d4 Nbd7 8. Bd3
Re8 9. cxd5 exd5 10. Qc2 Nf8 11. h3 Ng6 12. O-O-O Qe7 13. Kb1 Ne4 14. Bxe4 dxe4
15. Nd2 f5 16. Nc4 b5 17. Nxd6 Qxd6 18. d5 Bb7 19. dxc6 Qxc6 20. Ne2 Qxc2+ 21.
Kxc2 b4 22. Rd6 a5 23. Ng3 Ba6 24. Nxf5 Bd3+ 25. Kd2 Rf8 26. g4 Nh4 27. Rc1
Nxf5 28. gxf5 Rxf5 29. f4 Rh5 30. Rd7 Rxh3 31. Rxg7+ Kf8 32. Rg2 Rd8 33. Bd4
Rd5 34. Rc7 Rdh5 35. Bc5+ Ke8 36. Rg8# 1-0

[Event "4NCL/Div2/WES1 vs. PPA1"]
[Site "Sunningdale ENG"]
[Date "2008.05.05"]
[Round "11.7"]
[White "Jenks, Bruce"]
[Black "Goodger, Martyn"]
[Result "0-1"]
[WhiteElo "2137"]
[BlackElo "2180"]
[PlyCount "92"]
[EventDate "2008.05.05"]
[EventCountry "ENG"]
[SourceDate "2007.09.15"]

1. d4 f5 2. Bf4 Nf6 3. e3 g6 4. h4 h6 5. Nc3 Bg7 6. Nf3 d6 7. Bc4 e6 8. d5 exd5
9. Nxd5 Nc6 10. h5 Nxd5 11. Qxd5 Qf6 12. hxg6 Qxg6 13. O-O-O Bd7 14. Nd4 O-O-O
15. Nxc6 Bxc6 16. Qe6+ Qxe6 17. Bxe6+ Bd7 18. Bxd7+ Kxd7 19. Rh5 Rdf8 20. c4
Ke6 21. Kc2 Kf6 22. c5 dxc5 23. Bxc7 Kg6 24. Rh3 Rf7 25. Bf4 Rhf8 26. Rdh1 Rh8
27. f3 Rd7 28. Rd1 Rxd1 29. Kxd1 Bxb2 30. Kc2 Bf6 31. Kd3 b5 32. e4 Rd8+ 33.
Kc2 Bg5 34. Bxg5 hxg5 35. exf5+ Kxf5 36. Rh7 a5 37. Rb7 b4 38. g3 Rd4 39. g4+
Kf4 40. Rf7+ Ke3 41. Rf5 Rc4+ 42. Kb2 a4 43. Kb1 a3 44. Rf8 Kd2 45. Rd8+ Rd4
46. Rc8 c4 0-1

[Event "4NCL/Div2/WES1 vs. PPA1"]
[Site "Sunningdale ENG"]
[Date "2008.05.05"]
[Round "11.8"]
[White "Mountford, Corinne"]
[Black "Norman, Dinah"]
[Result "0-1"]
[WhiteElo "1615"]
[BlackElo "1965"]
[PlyCount "92"]
[EventDate "2008.05.05"]
[EventCountry "ENG"]
[SourceDate "2007.09.15"]

1. d4 d5 2. Bf4 Nf6 3. e3 c6 4. Nf3 Bf5 5. Nbd2 e6 6. Ne5 h6 7. Be2 Be7 8. O-O
Nbd7 9. c3 Nxe5 10. dxe5 Nd7 11. h3 O-O 12. Bh2 Qb6 13. Qc1 a5 14. Nf3 Nc5 15.
Rd1 Rfd8 16. Ne1 Rac8 17. Rd4 Nd7 18. Rd2 c5 19. Bd3 Bxd3 20. Nxd3 c4 21. Nf4
Nc5 22. Re2 Qc6 23. Qc2 b5 24. a3 Nd7 25. Nh5 g6 26. Nf6+ Nxf6 27. exf6 Bxf6
28. Rd1 Qc5 29. Red2 b4 30. axb4 axb4 31. e4 bxc3 32. bxc3 Ra8 33. e5 Bg7 34.
Bf4 Ra3 35. Be3 Qa5 36. Bd4 Rb8 37. Kh2 Rbb3 38. Rc1 Qc7 39. f4 Bf8 40. Qd1 Bc5
41. Rdc2 Qa7 42. g4 Bxd4 43. cxd4 Rxh3+ 44. Kg1 Rhd3 45. Rd2 Qxd4+ 46. Kf1 Rxd2
0-1

[Event "4NCL/Div2/GUI3 vs. BARY"]
[Site "Sunningdale ENG"]
[Date "2008.05.05"]
[Round "11.1"]
[White "Muir, Andrew J"]
[Black "Levermore, Peter A"]
[Result "1/2-1/2"]
[WhiteElo "2360"]
[BlackElo "2143"]
[PlyCount "33"]
[EventDate "2008.05.05"]
[EventCountry "ENG"]
[SourceDate "2007.09.15"]

1. d4 Nf6 2. c4 e6 3. Nc3 Bb4 4. e3 O-O 5. Bd3 d5 6. Nf3 c5 7. O-O Nc6 8. a3
Bxc3 9. bxc3 dxc4 10. Bxc4 b6 11. Bb2 Qc7 12. Be2 Rd8 13. Qc2 e5 14. dxe5 Nxe5
15. c4 Nxf3+ 16. Bxf3 Bb7 17. Bxb7 1/2-1/2

[Event "4NCL/Div2/GUI3 vs. BARY"]
[Site "Sunningdale ENG"]
[Date "2008.05.05"]
[Round "11.2"]
[White "Franklin, Samuel"]
[Black "Povah, Nigel E"]
[Result "1-0"]
[WhiteElo "2110"]
[BlackElo "2329"]
[PlyCount "57"]
[EventDate "2008.05.05"]
[EventCountry "ENG"]
[SourceDate "2007.09.15"]

1. Nf3 Nf6 2. c4 c5 3. g3 b6 4. Bg2 Bb7 5. O-O e6 6. Nc3 Be7 7. Re1 O-O 8. e4
d6 9. d4 cxd4 10. Nxd4 Qc8 11. Be3 a6 12. Rc1 Nbd7 13. f4 Ra7 14. Bf2 Qa8 15.
g4 g6 16. g5 Nh5 17. Nd5 exd5 18. exd5 Re8 19. Nc6 Bxc6 20. dxc6 Nc5 21. Qg4
Rc7 22. b4 Nd3 23. Bxb6 Nhxf4 24. Bxc7 Qa7+ 25. c5 Qxc7 26. Qd7 Qb8 27. c7 Qxb4
28. Qxe8+ Kg7 29. Qxe7 1-0

[Event "4NCL/Div2/GUI3 vs. BARY"]
[Site "Sunningdale ENG"]
[Date "2008.05.05"]
[Round "11.3"]
[White "Sharpe, Ian"]
[Black "Farrand, Julian T"]
[Result "1-0"]
[WhiteElo "2290"]
[BlackElo "2140"]
[PlyCount "59"]
[EventDate "2008.05.05"]
[EventCountry "ENG"]
[SourceDate "2007.09.15"]

1. e4 d6 2. d4 Nf6 3. Nc3 Nbd7 4. Nf3 e5 5. Bc4 h6 6. h3 c6 7. a4 Be7 8. O-O
Qc7 9. Qe2 g5 10. dxe5 dxe5 11. Nh2 Nf8 12. Ng4 Nxg4 13. hxg4 Be6 14. Rd1 Bc5
15. a5 Qe7 16. Na4 Bxc4 17. Qxc4 Ne6 18. c3 O-O 19. b4 b5 20. axb6 axb6 21.
bxc5 b5 22. Qb4 Rfd8 23. Rd6 bxa4 24. Be3 Rdb8 25. Rxa4 Rxb4 26. Rxa8+ Kg7 27.
cxb4 Qb7 28. Ra4 Qb5 29. Ra7 Qxb4 30. Rxe6 1-0

[Event "4NCL/Div2/GUI3 vs. BARY"]
[Site "Sunningdale ENG"]
[Date "2008.05.05"]
[Round "11.4"]
[White "Moore, John C"]
[Black "Tymrakiewicz, Rafal"]
[Result "0-1"]
[WhiteElo "2054"]
[BlackElo "2269"]
[PlyCount "56"]
[EventDate "2008.05.05"]
[EventCountry "ENG"]
[SourceDate "2007.09.15"]

1. e4 Nf6 2. e5 Nd5 3. d4 d6 4. c4 Nb6 5. f4 Bf5 6. Nc3 e6 7. Be3 dxe5 8. fxe5
Bb4 9. Nf3 c5 10. dxc5 Qxd1+ 11. Rxd1 Na4 12. a3 Nxc3 13. bxc3 Bxc3+ 14. Kf2
Nc6 15. Bf4 Rd8 16. Rxd8+ Kxd8 17. Be2 h6 18. Rd1+ Kc7 19. h4 a5 20. Bd3 Rd8
21. Ke2 Bg4 22. Be4 Rxd1 23. Kxd1 Bxe5 24. Bd2 Bb2 25. Bxc6 Kxc6 26. Kc2 Bf6
27. Bxa5 Bxf3 28. gxf3 Bxh4 0-1

[Event "4NCL/Div2/GUI3 vs. BARY"]
[Site "Sunningdale ENG"]
[Date "2008.05.05"]
[Round "11.5"]
[White "Granat, Russell G"]
[Black "O'Toole, George E"]
[Result "1/2-1/2"]
[WhiteElo "2278"]
[BlackElo "2047"]
[PlyCount "115"]
[EventDate "2008.05.05"]
[EventCountry "ENG"]
[SourceDate "2007.09.15"]

1. e4 e5 2. Nf3 Nc6 3. Bb5 a6 4. Ba4 Nf6 5. O-O Be7 6. Qe2 b5 7. Bb3 O-O 8. c3
d5 9. d3 Re8 10. Rd1 h6 11. Nbd2 Bf8 12. Nf1 Na5 13. Bc2 c5 14. Ng3 Qc7 15.
exd5 Nxd5 16. d4 cxd4 17. cxd4 Nb4 18. Bb1 Bb7 19. dxe5 Nc4 20. a3 Nxe5 21.
Nxe5 Rxe5 22. Bf4 Rxe2 23. Bxc7 Re7 24. Ba5 Nc6 25. Bb6 g6 26. Ba2 Bg7 27. Rd2
Rae8 28. Kf1 a5 29. f3 Ba6 30. Rc1 Ne5 31. Ne4 b4+ 32. Kg1 Nd3 33. Rc6 Rb7 34.
Bf2 b3 35. Bxb3 Rxb3 36. Rxa6 Bxb2 37. h4 Be5 38. g3 Rxa3 39. h5 Bg7 40. hxg6
fxg6 41. Rxg6 Ne5 42. Nf6+ Kf7 43. Nxe8 Nxf3+ 44. Kg2 Kxg6 45. Rd6+ Kf7 46. Nc7
Ne5 47. Bd4 Ra2+ 48. Kf1 a4 49. Rd5 Rd2 50. Nb5 Bf6 51. Rc5 a3 52. Rc7+ Kg6 53.
Bxe5 Bxe5 54. Rc6+ Kg7 55. Nxa3 Bxg3 56. Nc4 Rf2+ 57. Kg1 h5 58. Ne3 1/2-1/2

[Event "4NCL/Div2/GUI3 vs. BARY"]
[Site "Sunningdale ENG"]
[Date "2008.05.05"]
[Round "11.6"]
[White "Bhatia, Kanwal K"]
[Black "Thompson, Ian D"]
[Result "0-1"]
[WhiteElo "2064"]
[BlackElo "2264"]
[PlyCount "50"]
[EventDate "2008.05.05"]
[EventCountry "ENG"]
[SourceDate "2007.09.15"]

1. e4 e6 2. d4 d5 3. Nd2 Nf6 4. e5 Nfd7 5. f4 c5 6. c3 Nc6 7. Ndf3 Qb6 8. a3 a5
9. b3 Be7 10. Ne2 cxd4 11. cxd4 f6 12. Qd3 O-O 13. Be3 Qd8 14. Nc3 Nb6 15. Nd2
Bd7 16. g3 Rc8 17. h4 Bxa3 18. Ndb1 Bb2 19. Ra2 Nb4 20. Qd2 Bxc3 21. Nxc3 Nxa2
22. Nxa2 a4 23. bxa4 Nc4 24. Qd3 Nxe3 25. Qxe3 Rc2 0-1

[Event "4NCL/Div2/GUI3 vs. BARY"]
[Site "Sunningdale ENG"]
[Date "2008.05.05"]
[Round "11.7"]
[White "Jackson, Adrian"]
[Black "Dines, Sheila J"]
[Result "1/2-1/2"]
[WhiteElo "2216"]
[BlackElo "1896"]
[PlyCount "50"]
[EventDate "2008.05.05"]
[EventCountry "ENG"]
[SourceDate "2007.09.15"]

1. e4 e5 2. Nf3 Nc6 3. Bb5 Nf6 4. O-O a6 5. Bxc6 dxc6 6. Nxe5 Be7 7. d3 O-O 8.
Bf4 Ne8 9. Nf3 g6 10. Nc3 Ng7 11. h3 f5 12. Be5 Bd6 13. d4 Bxe5 14. Nxe5 fxe4
15. Nxe4 Ne6 16. c3 Kg7 17. Nd3 Nf4 18. Nxf4 Rxf4 19. f3 Rh4 20. Qd2 Bf5 21.
Rae1 Qd7 22. Qg5 Rh6 23. Ng3 Be6 24. Rxe6 Qxe6 25. f4 Qf6 1/2-1/2

[Event "4NCL/Div2/KHE vs. PAP"]
[Site "Sunningdale ENG"]
[Date "2008.05.05"]
[Round "11.1"]
[White "Kwiatkowski, Feliks J"]
[Black "Ward, Chris G"]
[Result "0-1"]
[WhiteElo "2216"]
[BlackElo "2447"]
[PlyCount "68"]
[EventDate "2008.05.05"]
[EventCountry "ENG"]
[SourceDate "2007.09.15"]

1. e4 c5 2. Nf3 d6 3. d4 cxd4 4. Nxd4 Nf6 5. Nc3 g6 6. Be3 a6 7. f3 b5 8. Qd2
Bb7 9. a4 b4 10. Na2 e5 11. Nb3 d5 12. Nxb4 dxe4 13. Qxd8+ Kxd8 14. Nc5 Bxc5
15. Bxc5 Nbd7 16. Bf2 a5 17. Na2 exf3 18. gxf3 Bxf3 19. Rg1 Ne4 20. Bh4+ f6 21.
Be2 Bxe2 22. Kxe2 Ke7 23. Be1 Ke6 24. Nc3 Nxc3+ 25. Bxc3 Nb6 26. Rgd1 Nd5 27.
Be1 Rhc8 28. Rac1 Rab8 29. b3 Nc3+ 30. Bxc3 Rxc3 31. Rg1 f5 32. Kd2 Rh3 33. Rg2
e4 34. Re1 Ke5 0-1

[Event "4NCL/Div2/KHE vs. PAP"]
[Site "Sunningdale ENG"]
[Date "2008.05.05"]
[Round "11.2"]
[White "Emms, John M"]
[Black "Okike, David C"]
[Result "1/2-1/2"]
[WhiteElo "2503"]
[BlackElo "2195"]
[PlyCount "47"]
[EventDate "2008.05.05"]
[EventCountry "ENG"]
[SourceDate "2007.09.15"]

1. e4 e6 2. d4 d5 3. Nd2 dxe4 4. Nxe4 Nf6 5. Bd3 Nbd7 6. Nf3 Nxe4 7. Bxe4 Nf6
8. Bd3 a6 9. O-O Be7 10. Qe2 O-O 11. Bg5 h6 12. Bxf6 Bxf6 13. Rad1 Qd5 14. c4
Qa5 15. Bb1 Rd8 16. Ne5 Bd7 17. Qe4 Be8 18. f4 g6 19. Rf3 Bc6 20. Nxc6 bxc6 21.
Rfd3 c5 22. dxc5 Qxc5+ 23. Kf1 Rab8 24. Rxd8+ 1/2-1/2

[Event "4NCL/Div2/KHE vs. PAP"]
[Site "Sunningdale ENG"]
[Date "2008.05.05"]
[Round "11.3"]
[White "Thomas, Richard H"]
[Black "Hamdouchi, Adina"]
[Result "1/2-1/2"]
[WhiteElo "2185"]
[BlackElo "2297"]
[PlyCount "91"]
[EventDate "2008.05.05"]
[EventCountry "ENG"]
[SourceDate "2007.09.15"]

1. d4 Nf6 2. c4 g6 3. Nc3 Bg7 4. e4 O-O 5. f3 c6 6. Bd3 d6 7. Nge2 e5 8. Be3
Nbd7 9. Qd2 Re8 10. O-O-O a6 11. Kb1 b5 12. d5 bxc4 13. dxc6 cxd3 14. cxd7 Bxd7
15. Qxd3 Bf8 16. Bg5 Be6 17. Qd2 Rb8 18. h4 Rb6 19. Na4 Rb7 20. Nc5 Rb5 21.
Nxe6 fxe6 22. Nc3 Rb7 23. h5 Qe7 24. hxg6 hxg6 25. Bh6 Reb8 26. b3 Rc8 27. Bxf8
Qxf8 28. Kb2 Rbc7 29. Rc1 Rc6 30. g4 Qg7 31. Ne2 Rxc1 32. Rxc1 Rxc1 33. Qxc1
Qb7 34. Qh6 Qf7 35. Qd2 Qc7 36. Qd3 Qb6 37. a4 Nd7 38. Qc4 Kf7 39. b4 a5 40.
Kb3 axb4 41. Qb5 Qe3+ 42. Kxb4 Nc5 43. Nc3 Nd3+ 44. Kb3 Nc5+ 45. Kb4 Nd3+ 46.
Kb3 1/2-1/2

[Event "4NCL/Div2/KHE vs. PAP"]
[Site "Sunningdale ENG"]
[Date "2008.05.05"]
[Round "11.4"]
[White "Winkelmann, Elena"]
[Black "Mackenzie, Colin"]
[Result "1/2-1/2"]
[WhiteElo "2087"]
[BlackElo "2117"]
[PlyCount "122"]
[EventDate "2008.05.05"]
[EventCountry "ENG"]
[SourceDate "2007.09.15"]

1. c4 e6 2. Nc3 Nf6 3. Nf3 Bb4 4. Qc2 d5 5. cxd5 exd5 6. g3 O-O 7. a3 Be7 8. d4
a5 9. Bg2 Be6 10. O-O c6 11. Ne5 Qc8 12. Bg5 Bh3 13. Rac1 h6 14. Bxf6 Bxf6 15.
f4 Bxg2 16. Kxg2 Nd7 17. Qb3 Bxe5 18. fxe5 Qb8 19. e4 a4 20. Qd1 Nb6 21. Qg4
Qc8 22. Qe2 Qd7 23. Rcd1 Rad8 24. exd5 Nxd5 25. Nxa4 b6 26. Nc3 Nxc3 27. bxc3
Ra8 28. c4 Rxa3 29. d5 cxd5 30. cxd5 Rfa8 31. Rd2 Ra2 32. Qd3 R8a3 33. Qd4 Ra4
34. Qd3 Rxd2+ 35. Qxd2 Re4 36. Rb1 Rxe5 37. Rxb6 Rxd5 38. Rb8+ Kh7 39. Qc2+ g6
40. Rb2 Rd4 41. Qf2 Qd5+ 42. Qf3 Rd2+ 43. Rxd2 Qxd2+ 44. Kg1 Qd4+ 45. Kg2 Kg7
46. h3 h5 47. h4 Qb2+ 48. Kg1 Qd2 49. Qe4 Qc1+ 50. Kg2 Qc3 51. Qd5 Qe3 52. Qc4
g5 53. hxg5 Qd2+ 54. Kh3 Qxg5 55. Kh2 Qe5 56. Qb4 Qe2+ 57. Kh3 Qf3 58. Qb2+ Kg6
59. Qb1+ Kf6 60. Qb6+ Ke5 61. Kh2 Qe2+ 1/2-1/2

[Event "4NCL/Div2/KHE vs. PAP"]
[Site "Sunningdale ENG"]
[Date "2008.05.05"]
[Round "11.5"]
[White "Gilfillan, Andrew"]
[Black "Flear, Christine"]
[Result "1-0"]
[WhiteElo "2130"]
[BlackElo "2142"]
[PlyCount "79"]
[EventDate "2008.05.05"]
[EventCountry "ENG"]
[SourceDate "2007.09.15"]

1. e4 c5 2. Nc3 Nc6 3. Nf3 a6 4. d4 cxd4 5. Nxd4 e6 6. Be2 Qc7 7. O-O Nf6 8.
Bg5 Be7 9. a4 h6 10. Be3 b6 11. Nb3 Bb7 12. f4 Nb4 13. Bd3 O-O 14. a5 b5 15.
Qe2 Rac8 16. Rae1 Qb8 17. Kh1 Qa8 18. Bd4 d6 19. Rf3 Nc6 20. Be3 Rfd8 21. Rg3
Kh8 22. Rf1 Re8 23. f5 exf5 24. Rxf5 Ne5 25. Bd4 b4 26. Nd5 Bxd5 27. exd5 Ng6
28. Qd2 Kh7 29. Rf1 Rf8 30. Bf5 Rb8 31. Qd3 Nh5 32. Bxg6+ fxg6 33. Qxg6+ Kg8
34. Qe6+ Kh7 35. Qg6+ Kg8 36. Rxf8+ Rxf8 37. Qxh5 Rf1+ 38. Bg1 Qa7 39. Qe8+ Kh7
40. Qg6+ 1-0

[Event "4NCL/Div2/KHE vs. PAP"]
[Site "Sunningdale ENG"]
[Date "2008.05.05"]
[Round "11.6"]
[White "Forbes, Cathy"]
[Black "Lewis, Alex"]
[Result "1/2-1/2"]
[WhiteElo "2093"]
[BlackElo "2177"]
[PlyCount "45"]
[EventDate "2008.05.05"]
[EventCountry "ENG"]
[SourceDate "2007.09.15"]

1. d4 Nf6 2. c3 g6 3. Bf4 Bg7 4. Nf3 O-O 5. Nbd2 Nh5 6. Be5 d6 7. Bxg7 Kxg7 8.
e3 Nc6 9. Bb5 a6 10. Ba4 Nf6 11. O-O b5 12. Bc2 Bb7 13. a4 e5 14. axb5 axb5 15.
Qe2 exd4 16. exd4 b4 17. Qb5 Rb8 18. Qg5 bxc3 19. bxc3 h6 20. Qh4 Nd5 21. Qxd8
Rfxd8 22. Ra3 Ra8 23. Rb3 1/2-1/2

[Event "4NCL/Div2/KHE vs. PAP"]
[Site "Sunningdale ENG"]
[Date "2008.05.05"]
[Round "11.7"]
[White "Davey, Mark"]
[Black "Yurenok, Maria S"]
[Result "1/2-1/2"]
[WhiteElo "2020"]
[BlackElo "2043"]
[PlyCount "134"]
[EventDate "2008.05.05"]
[EventCountry "ENG"]
[SourceDate "2007.09.15"]

1. e4 c5 2. b4 cxb4 3. a3 d5 4. e5 e6 5. d4 Nc6 6. axb4 Bxb4+ 7. c3 Bf8 8. Bd3
Bd7 9. Nf3 h6 10. O-O Nge7 11. Ba3 a6 12. h4 b5 13. Bd6 Na5 14. Nbd2 Nc4 15.
Nxc4 dxc4 16. Be4 Nd5 17. Bxd5 exd5 18. Bxf8 Kxf8 19. Qc1 g6 20. Qf4 Kg7 21.
Nh2 Re8 22. Ng4 Bxg4 23. Qxg4 Qc8 24. Qxc8 Rexc8 25. Ra5 Rc6 26. Rfa1 Rb6 27.
Rb1 Re8 28. f4 h5 29. Kf2 Kf8 30. Kf3 Rc8 31. Rb4 Ke7 32. Ke3 Ke6 33. Ra2 Kd7
34. Ra5 Kc7 35. Kf3 Rc6 36. Rb1 Rb8 37. Ke3 Kb6 38. Rba1 Kb7 39. Rb1 Kb6 40.
Rba1 Ra8 41. Ke2 f6 42. Ke3 Re6 43. g3 Re7 44. Kf3 fxe5 45. fxe5 Rf7+ 46. Ke3
Kb7 47. Ke2 Kb6 48. Ke3 Rf5 49. Ke2 g5 50. hxg5 Rxg5 51. Kf3 Rg6 52. Kf2 Kb7
53. Rg1 Rf8+ 54. Ke2 h4 55. g4 Rf4 56. g5 Rf5 57. Rh1 Rfxg5 58. Rxh4 Kb6 59.
Ra1 a5 60. Rf1 b4 61. Rf7 b3 62. Rh8 Kb5 63. Rd8 b2 64. Rb7+ Ka6 65. Rdb8 Rg2+
66. Kf3 R2g3+ 67. Kf4 R3g4+ 1/2-1/2

[Event "4NCL/Div2/CHEDP vs. WRO"]
[Site "Sunningdale ENG"]
[Date "2008.05.05"]
[Round "11.1"]
[White "Bellin, Robert"]
[Black "Wells, Peter K"]
[Result "1/2-1/2"]
[WhiteElo "2407"]
[BlackElo "2521"]
[PlyCount "46"]
[EventDate "2008.05.05"]
[EventCountry "ENG"]
[SourceDate "2007.09.15"]

1. Nf3 d5 2. e3 Nf6 3. b3 Bg4 4. Bb2 Nbd7 5. Be2 e6 6. O-O Bd6 7. c4 c6 8. cxd5
cxd5 9. Nd4 Bxe2 10. Qxe2 O-O 11. f4 Re8 12. Nc3 Bf8 13. Nf3 a6 14. Rfc1 Rc8
15. Qf1 Qa5 16. a3 Qb6 17. Nd4 Nc5 18. b4 Nce4 19. Nxe4 Nxe4 20. Nf3 Nd6 21.
Bd4 Qb5 22. Qxb5 Nxb5 23. Bb2 Nd6 1/2-1/2

[Event "4NCL/Div2/CHEDP vs. WRO"]
[Site "Sunningdale ENG"]
[Date "2008.05.05"]
[Round "11.2"]
[White "McNab, Colin"]
[Black "Wallace, Paul A"]
[Result "1/2-1/2"]
[WhiteElo "2443"]
[BlackElo "2258"]
[PlyCount "51"]
[EventDate "2008.05.05"]
[EventCountry "ENG"]
[SourceDate "2007.09.15"]

1. c4 e5 2. Nc3 Nc6 3. Nf3 Nf6 4. a3 a5 5. e4 d6 6. d3 Bg4 7. h3 Bxf3 8. Qxf3
Be7 9. g3 O-O 10. Bg2 Nd7 11. Nd5 Nc5 12. Rb1 Nd4 13. Qd1 Ncb3 14. Be3 c6 15.
Nxe7+ Qxe7 16. O-O b5 17. f4 a4 18. Rf2 Rab8 19. Qe1 Rb6 20. Qc3 Rfb8 21. Rbf1
b4 22. axb4 Rxb4 23. Kh2 f6 24. g4 Ne6 25. g5 Nbc5 26. gxf6 1/2-1/2

[Event "4NCL/Div2/CHEDP vs. WRO"]
[Site "Sunningdale ENG"]
[Date "2008.05.05"]
[Round "11.3"]
[White "Bennett, Patrick"]
[Black "Van de Griendt, Jan W"]
[Result "0-1"]
[WhiteElo "2128"]
[BlackElo "2354"]
[PlyCount "60"]
[EventDate "2008.05.05"]
[EventCountry "ENG"]
[SourceDate "2007.09.15"]

1. d4 Nf6 2. Nf3 c5 3. d5 d6 4. c4 e6 5. Nc3 exd5 6. cxd5 g6 7. e4 Bg7 8. Bb5+
Bd7 9. a4 O-O 10. O-O Bg4 11. Be2 Bxf3 12. Bxf3 Nbd7 13. Ra3 Qe7 14. Bf4 Rfc8
15. Rb3 b6 16. Be2 a6 17. Qc2 Ra7 18. Bg3 Ne8 19. Bg4 Rb8 20. f4 h5 21. Be2
Bd4+ 22. Bf2 Qf6 23. f5 Bxf2+ 24. Rxf2 Qd4 25. fxg6 fxg6 26. Qc1 Ne5 27. Bxh5
Rf7 28. Nd1 gxh5 29. Rg3+ Ng7 30. Rxg7+ Rxg7 0-1

[Event "4NCL/Div2/CHEDP vs. WRO"]
[Site "Sunningdale ENG"]
[Date "2008.05.05"]
[Round "11.4"]
[White "Gourlay, Iain"]
[Black "Gregory, Philip"]
[Result "1-0"]
[WhiteElo "2371"]
[BlackElo "2115"]
[Annotator "Armstrong,Malcolm"]
[PlyCount "79"]
[EventDate "2008.05.05"]
[EventCountry "ENG"]
[SourceDate "2007.09.15"]

1. Nf3 d5 2. g3 Nf6 3. Bg2 c6 4. b3 Bf5 5. Bb2 e6 6. d3 Be7 7. Nbd2 O-O 8. O-O
h6 9. c4 Nbd7 10. a3 a5 11. Ra2 Re8 12. Qa1 Bf8 13. Rd1 Bh7 14. Ne5 Nxe5 15.
Bxe5 Bd6 16. e4 Bxe5 17. Qxe5 Qb6 18. Qc3 dxe4 19. Nxe4 Bxe4 20. dxe4 Red8 21.
Rad2 Rxd2 22. Rxd2 Rd8 23. c5 Qc7 24. Bf3 Rxd2 25. Qxd2 Nd7 26. Qd4 e5 27. Qc4
Nf6 28. Kg2 Kf8 29. Bd1 Qe7 30. b4 axb4 31. axb4 Nd7 32. Qa2 Qd8 33. Bb3 Nf6
34. Bxf7 Nxe4 35. Bc4 Nf6 36. Qa1 e4 37. Qe5 Qe7 38. Qb8+ Ne8 39. Qf4+ Nf6 40.
h3 {time} 1-0

[Event "4NCL/Div2/CHEDP vs. WRO"]
[Site "Sunningdale ENG"]
[Date "2008.05.05"]
[Round "11.5"]
[White "Berglitz, Regina H"]
[Black "Gayson, Peter M"]
[Result "0-1"]
[WhiteElo "2103"]
[BlackElo "2259"]
[PlyCount "58"]
[EventDate "2008.05.05"]
[EventCountry "ENG"]
[SourceDate "2007.09.15"]

1. e4 c5 2. Nf3 e6 3. c3 d5 4. exd5 exd5 5. d4 Nf6 6. Bb5+ Nc6 7. O-O Be7 8.
dxc5 Bxc5 9. Bg5 Be7 10. Nbd2 O-O 11. Nb3 h6 12. Bh4 Bg4 13. h3 Bh5 14. Re1 Ne4
15. Bxe7 Nxe7 16. Nbd4 Qb6 17. Bd3 Qxb2 18. Bxe4 dxe4 19. Rxe4 Nd5 20. Rb1 Qxa2
21. Ne2 Bxf3 22. gxf3 Nf6 23. Re7 Rad8 24. Nd4 Nd5 25. Rexb7 Nxc3 26. Qc1 Nxb1
27. Nf5 Rb8 28. Rxb8 Rxb8 29. Qc7 Qb2 0-1

[Event "4NCL/Div2/CHEDP vs. WRO"]
[Site "Sunningdale ENG"]
[Date "2008.05.05"]
[Round "11.6"]
[White "Barrett, Steve J"]
[Black "Simmons, Matthew"]
[Result "1/2-1/2"]
[WhiteElo "2260"]
[BlackElo "2061"]
[PlyCount "92"]
[EventDate "2008.05.05"]
[EventCountry "ENG"]
[SourceDate "2007.09.15"]

1. d4 Nf6 2. c4 e6 3. Nc3 d5 4. cxd5 exd5 5. Bg5 Be7 6. Qc2 c6 7. e3 O-O 8. Bd3
Nbd7 9. Nge2 h6 10. Bh4 Re8 11. f3 Qa5 12. Bf2 c5 13. O-O c4 14. Bf5 b5 15. Nf4
b4 16. Ncxd5 Bd6 17. e4 Nxd5 18. Nxd5 Nb6 19. Nxb6 axb6 20. Bxc8 Rexc8 21. e5
Bf8 22. Qe4 Rd8 23. Rfc1 Rac8 24. b3 c3 25. Rc2 Qd5 26. Qe2 b5 27. h3 Ra8 28.
Kh2 Ra3 29. Rf1 Rda8 30. Be3 R8a6 31. f4 Qa8 32. Rf2 Qd5 33. f5 f6 34. e6 Ra7
35. Qg4 Bd6+ 36. Kg1 Kf8 37. Rce2 Qa8 38. Qg6 Qe4 39. g4 Qb1+ 40. Rf1 Qd3 41.
Rff2 Bg3 42. d5 Bxf2+ 43. Kxf2 Qxd5 44. Bxa7 Rxa7 45. Qh7 Qd4+ 46. Kg2 Qd5+
1/2-1/2

[Event "4NCL/Div2/CHEDP vs. WRO"]
[Site "Sunningdale ENG"]
[Date "2008.05.05"]
[Round "11.7"]
[White "Krawczuk, Michael J"]
[Black "Townsend, Paul"]
[Result "0-1"]
[WhiteElo "2070"]
[BlackElo "2214"]
[PlyCount "110"]
[EventDate "2008.05.05"]
[EventCountry "ENG"]
[SourceDate "2007.09.15"]

1. e4 e5 2. Nf3 d6 3. d4 exd4 4. Qxd4 Nf6 5. Nc3 Be7 6. Bc4 Nc6 7. Qd3 O-O 8.
O-O Bg4 9. Bb3 Nd7 10. Nd4 Nxd4 11. Qxd4 Bf6 12. Qe3 Nc5 13. Nd5 Re8 14. Nxf6+
Qxf6 15. f3 Bd7 16. Bd2 Nxb3 17. Qxb3 Bc6 18. c4 a5 19. Bc3 Qg5 20. Bd4 Re6 21.
Qe3 Qxe3+ 22. Bxe3 f5 23. Bf4 fxe4 24. fxe4 Rxe4 25. c5 Rf8 26. Bg3 Re2 27.
Rxf8+ Kxf8 28. cxd6 Rxg2+ 29. Kf1 cxd6 30. Bxd6+ Kf7 31. b3 Ke6 32. Bb8 Kf5 33.
Bc7 Kg4 34. Be5 Kf3 35. a4 g5 36. Rc1 Rd2 37. Rc3+ Ke4 38. Bc7 h5 39. Rc5 Bd5
40. Rxa5 g4 41. Ra8 Bxb3 42. Rf8 Rc2 43. Bb8 Ra2 44. Rf4+ Ke3 45. Rf5 h4 46. a5
Bc4+ 47. Kg1 Bd3 48. Ba7+ Kd2 49. Rf2+ Be2 50. Bb6 Ra1+ 51. Kg2 Kd3 52. Rf6
Bf3+ 53. Kf2 Ra2+ 54. Kg1 Rg2+ 55. Kh1 Rg3+ 0-1

[Event "4NCL/Div2/CHEDP vs. WRO"]
[Site "Sunningdale ENG"]
[Date "2008.05.05"]
[Round "11.8"]
[White "Khakimova, Masura"]
[Black "Edwards, Simon"]
[Result "0-1"]
[WhiteElo "1978"]
[BlackElo "2034"]
[PlyCount "76"]
[EventDate "2008.05.05"]
[EventCountry "ENG"]
[SourceDate "2007.09.15"]

1. d4 Nf6 2. c4 e6 3. Nf3 b6 4. g3 Bb7 5. Bg2 c5 6. dxc5 bxc5 7. O-O Be7 8. b3
O-O 9. Bb2 d5 10. Ne5 Nbd7 11. Qc2 Qb6 12. Nd2 Nxe5 13. Bxe5 d4 14. Nf3 Nd7 15.
Bf4 Bf6 16. Rad1 h6 17. e4 e5 18. Bc1 a5 19. g4 Qc6 20. g5 hxg5 21. Nxg5 Bxg5
22. Bxg5 Qg6 23. f4 exf4 24. Bxf4 Nf6 25. Bg3 Rfe8 26. Rde1 Bxe4 27. Rxf6 Bxc2
28. Rxg6 Rxe1+ 29. Bxe1 Re8 30. Ra6 Rxe1+ 31. Kf2 Ra1 32. Rxa5 Bxb3 33. Rxc5
Rxa2+ 34. Kg3 g6 35. Be4 Re2 36. Bb1 d3 37. Kf3 d2 38. Kxe2 d1=Q+ 0-1